000 00401nam a2200145 i 4500
001 22507
003 ES-MaACL
007 t|
008 021203s1934 sp ||||1| spa d
100 1 _aAlmela i Vives, Francesc.
_920131
245 1 3 _aLa literatura valenciana /
_cpor Francisco Almela y Vives.
260 _aValencia,
_c1934 (
_fMiguel Juan)
300 _a63 p. ;
_c17 cm.
852 _aES-MaACL
_jB-8434
999 _c22507
_d22507